Все о странах мира: атлас-справочник

Bibliografiska uppgifter
Sammanfattning:Представленный вниманию читателей атлас-справочник включает в себя данные о всех странах земного шара, признанных ООН, зависимых территориях, океанах и Антарктиде. Выходившие ранее издания явно устарели, так как не могли учесть весьма значительной перекройки карты мира, последовавшей на рубеже XX-XXI веков, и провозглашением в связи с этим независимости рядом государств. Справочник приводит краткие сведения об истории страны, ее географических особенностях и климате, госу­дарственном устройстве, населении и экономике. Каждая статья сопровождается картой, изображениями флагов и денежных единиц, имеющих хождение на территории того или иного государства. Также читатели могут узнать телефонный код страны, международный код, интернет домен и часовой пояс (разницу между московским и местным временем). Приведены в книге и любопытные факты о флоре и фауне некоторых стран, национальных заповедниках и парках, запа­сах полезных ископаемых. Не обойдены вниманием издателей и существующие в мире территориальные разно­гласия. В частности, во многом именно поэтому отдельная статья посвящена Антарктиде - континенту, привлекающему пристальное внимание мировой науки, и земли которого оспаривает ряд государств. Весьма интересны сведения о численности и составе населения стран, языках и наречиях, на которых оно говорит, уровне жизни и многое другое. Издатели старались придерживаться общепринятых в России географических названий и имен исторических персонажей, однако вынуждены были в связи со сложившейся реальностью довести до читателя новые наименования ряда стран и городов, официально принятые соответствующими инстанциями.
Språk:ryska
Publicerad: Москва, Оникс, 2007
Upplaga:Изд. испр. и доп.
Ämnen:
Materialtyp: Bok
KOHA link:https://koha.lib.tpu.ru/cgi-bin/koha/opac-detail.pl?biblionumber=124664

MARC

LEADER 00000n m0a2200000 4500
001 124664
005 20231031131104.0
010 |a 9785960300254 
035 |a (RuTPU)RU\TPU\book\134916 
090 |a 124664 
100 |a 20071106d2007 m y0rusy50 ca 
101 0 |a rus 
102 |a RU 
105 |a ab g 000zy 
200 1 |a Все о странах мира  |e атлас-справочник 
205 |a Изд. испр. и доп. 
210 |a Москва  |c Оникс  |a СПб.  |c Кристалл  |d 2007 
215 |a 272 с.  |c ил. 
330 |a Представленный вниманию читателей атлас-справочник включает в себя данные о всех странах земного шара, признанных ООН, зависимых территориях, океанах и Антарктиде. Выходившие ранее издания явно устарели, так как не могли учесть весьма значительной перекройки карты мира, последовавшей на рубеже XX-XXI веков, и провозглашением в связи с этим независимости рядом государств. Справочник приводит краткие сведения об истории страны, ее географических особенностях и климате, госу­дарственном устройстве, населении и экономике. Каждая статья сопровождается картой, изображениями флагов и денежных единиц, имеющих хождение на территории того или иного государства. Также читатели могут узнать телефонный код страны, международный код, интернет домен и часовой пояс (разницу между московским и местным временем). Приведены в книге и любопытные факты о флоре и фауне некоторых стран, национальных заповедниках и парках, запа­сах полезных ископаемых. Не обойдены вниманием издателей и существующие в мире территориальные разно­гласия. В частности, во многом именно поэтому отдельная статья посвящена Антарктиде - континенту, привлекающему пристальное внимание мировой науки, и земли которого оспаривает ряд государств. Весьма интересны сведения о численности и составе населения стран, языках и наречиях, на которых оно говорит, уровне жизни и многое другое. Издатели старались придерживаться общепринятых в России географических названий и имен исторических персонажей, однако вынуждены были в связи со сложившейся реальностью довести до читателя новые наименования ряда стран и городов, официально принятые соответствующими инстанциями. 
610 1 |a география 
610 1 |a физическая география 
610 1 |a экономическая география 
610 1 |a страны мира 
610 1 |a климат 
610 1 |a природные ресурсы 
610 1 |a государственное устройство 
610 1 |a население 
610 1 |a экономика 
610 1 |a справочники 
610 1 |a карты 
610 1 |a атласы 
675 |a 91(03)  |v 3 
675 |a 912  |v 3 
801 1 |a RU  |b 63413507  |c 20071106  |g PSBO 
801 2 |a RU  |b 63413507  |c 20120706  |g PSBO 
942 |c BK 
959 |a 78/20071106  |d 1  |e 320,32  |f ЧЗСБО:1